000
00235nam a22000857a 4500
001
1231738
005
20250919121726.0
245
_a
İLK KAYNAKLARA GÖRE HZ. PEYGAMBER (A.S.) DEVRİ KRONOLOJİSİ
_c
KASIM ŞULUL
260
_b
İNSAN YAYINLARI
999
_c
1231738
_d
1231738